000 00528nam a2200217Ia 4500
003 OSt
005 20220928134911.0
006 a|||||r|||| 00| 0
007 ta
008 220927b |||||||| |||| 00| 0 eng d
024 _a131258
037 _cTextual
040 _aSDCL
_cSDCL
_beng
041 _2eng
_aeng
082 _aO-,3NWP,1, J5
100 _aWhite Patrick
_9489000
245 0 _aTree of man
260 _aVintage
942 _hO-,3NWP,1, J5
_cTEXL
_2CC
999 _c804156
_d804156